| 000 | 00597nam a2200193 i 4500 | ||
|---|---|---|---|
| 001 | 96645 | ||
| 003 | ES-MaACL | ||
| 005 | 20230906181943.0 | ||
| 007 | t| | ||
| 008 | 050629s1949 sp ||||1| spa d | ||
| 100 | 1 |
_aMaluquer Wahl, Juan J. _975884 |
|
| 245 | 1 | 0 |
_aExcursionismo / _cpor Juan José Maluquer. |
| 260 |
_aBarcelona : _bSeix Barral, _c1949. |
||
| 300 |
_a75 p. : _bil. ; _c18 cm. |
||
| 490 | 1 | _aColección Estudio de conocimientos generales | |
| 830 | 0 |
_aColección Estudio de conocimientos generales _9183753 |
|
| 852 |
_aES-MaACL _j1789-F-12 _bR.26636 |
||
| 999 |
_c96645 _d96645 |
||